| 000 | 00408nam a2200145Ia 4500 | ||
|---|---|---|---|
| 008 | 230917s9999||||xx |||||||||||||| ||und|| | ||
| 040 |
_e4053 _aMAIN |
||
| 041 | _aEnglish | ||
| 082 | _a309.10942 T728I | ||
| 100 | _aTrevelyan, G M | ||
| 245 | 0 | _aIllustrated English social history. V2-The age of Shakespeare and the Stuart period | |
| 260 |
_aLondon _bLongman _c1957 |
||
| 300 | _axi, 206 p. | ||
| 942 | _cBK | ||
| 999 |
_c192901 _d192901 |
||